Southville International School and Colleges
Your cart is empty.
  • Cart
  • Lists
    Public lists Eva Luna New books Lux_list list_1
    Your lists Log in to create your own lists
  • Log in to your account
  • Your cookies
  • Search history
Southville International School and Colleges
  • Advanced search
  • Recent comments
  • Most popular
  • Libraries

Log in to your account

Log in with GOOGLE


If you do not have an external account, but do have a local account, you can still log in:

  1. Home
  2. MARC view: The Book of lost tales. Part II /
Normal view MARC view ISBD view

The Book of lost tales. Part II / (Record no. 39338)

[ view plain ]
MARC details
000 -LEADER
fixed length control field 00492nam a2200169 a 4500
005 - DATE AND TIME OF LATEST TRANSACTION
control field 20140311163008.0
008 - FIXED-LENGTH DATA ELEMENTS--GENERAL INFORMATION
fixed length control field 000612s19uu xx 00 eng d
020 ## - INTERNATIONAL STANDARD BOOK NUMBER
International Standard Book Number 034537522X
050 ## - LIBRARY OF CONGRESS CALL NUMBER
Classification number PR 6039
Item number .T649 1992
100 ## - MAIN ENTRY--PERSONAL NAME
Personal name Tolkien, J. R. R.
245 ## - TITLE STATEMENT
Title The Book of lost tales. Part II /
Statement of responsibility, etc J. R. R. Tolkien, edited by Christopher Tolkien.
260 ## - PUBLICATION, DISTRIBUTION, ETC. (IMPRINT)
Place of publication, distribution, etc New York :
Name of publisher, distributor, etc Ballantine books,
Date of publication, distribution, etc 1992.
300 ## - PHYSICAL DESCRIPTION
Extent 391 p. :
Dimensions 18 cm.
650 ## - SUBJECT ADDED ENTRY--TOPICAL TERM
Topical term or geographic name as entry element Fantasy.
942 ## - ADDED ENTRY ELEMENTS (KOHA)
Koha item type Books
Source of classification or shelving scheme Library of Congress Classification
Holdings
Withdrawn status Lost status Source of classification or shelving scheme Damaged status Home library Current library Shelving location Date acquired Total Checkouts Full call number Barcode Date last seen Date checked out Copy number Price effective from Koha item type
    Library of Congress Classification   College Library College Library Fiction Section 11/17/2004 1 PR 6039 .T649 1992 C5628 02/28/2020 02/27/2020 1 10/10/2013 Books

The Book of lost tales. Part II /

APA

Tolkien J. R. R., . (1992). The Book of lost tales. Part II. New York: Ballantine books.

Chicago

Tolkien J R R, . 1992. The Book of lost tales. Part II. New York: Ballantine books.

Harvard

Tolkien J. R. R., . (1992). The Book of lost tales. Part II. New York: Ballantine books.

MLA

Tolkien J R R, . The Book of lost tales. Part II. New York: Ballantine books. 1992.

  • Place hold
  • Print
  • Cite
  • Add to your cart (remove)
  • Save record
    BIBTEX Dublin Core MARCXML MARC (non-Unicode/MARC-8) MARC (Unicode/UTF-8) MARC (Unicode/UTF-8, Standard) MODS (XML) RIS
  • More searches
    Search for this title in:
    Other Libraries (WorldCat) Other Databases (Google Scholar) Online Stores (Bookfinder.com) Open Library (openlibrary.org)

Exporting to Dublin Core...

SOUTHVILLE LIBRARY

Southville International School and Colleges Library

1281 Tropical Ave. Cor. Luxembourg St., BF Homes International, Las Pinas City

Tel. No. 8256374 / 252358 Loc. 117/146

Powered by Koha